000 01083nam a22002777a 4500
005 20240530110434.0
008 150406s2010 xxu g 000 0 eng d
017 _a2009/22736
_bمصر . دار الكتب المصرية
020 _a9789774797533
040 _aEG-CaGPL
082 0 4 _221
_a401\
_bم م
100 1 _aمالبرج ، برتيل
245 1 0 _aمدخل الى اللسانيات /
_cتاليف برتيل مالبرج ؛ ترجمة السيد عبدالظاهر ؛ مراجعة و تقديم صبرى التهامى
250 _aط1
260 _aالقاهرة :
_bالمركز القومى للترجمة ،
_c2010.
300 _a355 ص ؛
_c24 سم
490 _aالمشروع القومى للترجمة ؛
_v1478
650 0 4 _aاللغة
650 0 4 _aاللغة السمعية
650 0 4 _aاللغة البصرية
650 0 4 _aاللغة
_xفلسفة
700 0 _a السيد عبدالظاهر
_eمترجم
700 0 _aصبرى التهامى
_eمراجع و مقدم
942 _2ddc
_cBK
999 _c60918
_d60918